[Event "GER Cup Teams 2019"]
[Site "Wolfhagen"]
[Date "2019.05.19"]
[Round "4"]
[White "Weber, Max"]
[Black "Sawlin, Leonid"]
[Result "0-1"]
[WhiteElo "2240"]
[BlackElo "2394"]
[Annotator "TA"]
[PlyCount "48"]
[EventDate "2019.03.16"]
[EventType "team-tourn"]
[EventCountry "GER"]
[SourceTitle "playchess.com"]
[Source "ChessBase"]
[SourceQuality "1"]
[WhiteTeam "Greifswalder SV"]
[BlackTeam "SK Zehlendorf"]

{[%evp 17,62,43,27,39,26,31,29,38,25,27,18,32,22,40,43,35,33,12,6,0,0,-2,-9,-116,-118,-120,-120,-155,-151,-166,-159,-173,-156,-160,-151,-153,-147,-159,-164,-201,-167,-170,-175,-204,-223,-299,-285]} 1. d4 d5 ({Predecessor:} 1... Nf6 2. c4 e6 3. Nf3 {0-1 (44) Stefanov,E (2455)-Sanikidze,T (2533) Kesan 2017}) 2. c4 e6 3. Nf3 Nf6 4. g3 dxc4 5. Bg2 Nc6 6. Qa4 Bb4+ 7. Bd2 Nd5 8. Bxb4 Ndxb4 9. O-O Rb8 10. Na3 {E04: Open Catalan: 5 Nf3} O-O 11. Qb5 b6 12. Qxc4 {White has an edge.} Ba6 13. Nb5 {[#]} Qd5 $146 (13... Qe8 14. Rfc1 Nd5 15. Qxc6 Qxc6 16. Rxc6 Bxb5 17. Rc2 Rfc8 {½-½ (33) So,W (2780)-Caruana,F (2822) Saint Louis 2018}) 14. Qxd5 Nxd5 15. a4 Na5 16. Ne5 Rbd8 17. Bxd5 {[#] Bf3 is the strong threat.} Bxb5 $1 18. Bf3 Be8 $36 {[%mdl 2048] Black wants to play ...f6. Black has some pressure.} 19. Rac1 f6 20. Nc6 (20. b4 $1 $11) 20... Bxc6 $17 21. Bxc6 Rxd4 22. Rc3 Rfd8 23. Kg2 Rb4 24. Rb1 a6 {Played: Rd8-d2} 0-1

[Event "GER Cup Teams 2019"]
[Site "Wolfhagen"]
[Date "2019.05.19"]
[Round "4"]
[White "Kuersten, Ruediger"]
[Black "Malek, Daniel"]
[Result "1/2-1/2"]
[WhiteElo "2180"]
[BlackElo "2366"]
[Annotator "TA"]
[PlyCount "136"]
[EventDate "2019.03.16"]
[EventType "team-tourn"]
[EventCountry "GER"]
[SourceTitle "playchess.com"]
[Source "ChessBase"]
[SourceQuality "1"]
[WhiteTeam "Greifswalder SV"]
[BlackTeam "SK Zehlendorf"]

{[%evp 17,135,12,4,4,50,36,31,29,38,25,36,31,67,20,12,0,0,-2,0,0,0,0,0,-9,0,0,0,-6,-6,-7,0,-9,0,-10,0,-11,0,-2,-1,-4,0,-8,0,0,0,-6,-10,-10,-5,-8,-7,-6,-6,-6,-4,-3,-2,-3,-6,-116,-106,-117,-83,-87,-11,-8,-12,-147,-147,-147,-147,-125,-109,-122,-32,-32,-32,-32,-32,-59,-8,-59,-59,-59,-59,-59,-59,-59,-59,-59,-59,-59,-32,-32,-32,-32,-8,-147,-147,-147,-147,-147,-147,-147,-147,-147,-147,-147,0,-147,-147,-147,-147,-147,-147,-147,-147,-147,-147,-147]} 1. d4 Nf6 2. Nf3 d5 3. c4 e6 4. Nc3 Bb4 5. Bg5 h6 6. Bxf6 Qxf6 7. e3 O-O 8. Qb3 c5 9. cxd5 exd5 10. dxc5 {D38: Queen's Gambit Declined: Ragozin Defence (4 Nf3 Bb4)} Nc6 (10... Bxc3+ $5 11. Qxc3 (11. bxc3 Be6 $11) 11... Qxc3+ 12. bxc3 Be6 $11) (10... Bxc3+ 11. Qxc3 Qxc3+ 12. bxc3 Nd7 13. Rd1 Nxc5 14. Rxd5 b6 15. Rd4 Ne6 16. Rd6 Bb7 17. Nd4 Nxd4 18. Rxd4 Rac8 19. Kd2 Rc5 20. Rg1 Rfc8 21. Bd3 Kf8 {1-0 (60) Li,C (2735)-Harikrishna,P (2737) Geneva 2017}) 11. O-O-O Bxc3 12. Qxc3 {White is slightly better.} Qxc3+ 13. bxc3 Be6 14. Nd4 Rac8 {[#]} 15. Kd2 $146 ({Predecessor:} 15. Nb3 Ne5 16. Bb5 a6 17. Be2 Nd7 18. Rd4 {½-½ (18) Debashis,D (2544)-Bradbury,N (2336) London 2018}) 15... Na5 16. Rb1 {Black must now prevent Rb5.} Rxc5 17. Rb5 Rfc8 18. Rxc5 Rxc5 19. Bd3 Kf8 20. Ra1 Rc8 21. Rb1 Ke7 22. Rb4 b6 23. Bb5 Rc5 24. Kd3 g6 25. a4 Bc8 {Strongly threatening ...a6.} 26. Kd2 Bd7 27. Nb3 Nxb3+ 28. Rxb3 $11 {[%mdl 4096] Endgame KRB-KRB} Kd6 29. Kd3 Bxb5+ 30. axb5 {KR-KR} Rc7 31. Kd4 Rc4+ 32. Kd3 Ra4 33. Rb4 $1 {[%cal Rb4a4]} Ra2 34. Rf4 Ke6 35. e4 dxe4+ 36. Rxe4+ Kd6 37. Rf4 $1 f5 38. g4 (38. Rc4 $11) 38... Ke5 $17 39. Rc4 {White wants to play f4+.} Rxf2 40. gxf5 Rxf5 ({Black should play} 40... Kxf5 $17 41. Ra4 Rxh2 42. Rxa7 Rh1 43. Rf7+ Ke5) 41. Rc7 $11 Ke6 42. c4 {[#]} (42. Rc6+ $11 Kf7 43. Rc7+ Kf8 44. Rxa7) 42... Rf7 $1 $17 {[%cal Rf7c7]} 43. Rc6+ Kf5 44. Ke3 h5 45. Kf3 {[#]} g5 (45... Ke5+ $1 $17 46. Ke3 g5) 46. c5 $15 bxc5 47. Rxc5+ Kg6+ 48. Kg3 Re7 (48... h4+ $15 49. Kg2 g4) 49. b6 (49. h4 $11) 49... axb6 50. Rc6+ Kf5 {Threatens to win with ...Re3+.} 51. Rxb6 h4+ 52. Kg2 Re2+ 53. Kh3 Re3+ 54. Kg2 Kf4 55. Rb4+ Re4 56. Rb2 g4 57. h3 (57. Rf2+ $1 $11 {keeps the balance.} Ke5 58. Ra2) 57... g3 $17 58. Ra2 Rd4 59. Rb2 Ke3 60. Ra2 Rd3 61. Rb2 Rc3 (61... Rd2+ $2 62. Rxd2 Kxd2 63. Kg1) 62. Ra2 Rd3 {...Rd2+ is the strong threat.} 63. Rb2 $1 Rd2+ {Black is clearly better.} 64. Rxd2 Kxd2 65. Kg1 Ke3 66. Kg2 Ke2 67. Kg1 Kf3 {Hoping for ...Ke3.} 68. Kh1 Kf2 {Accuracy: White = 48%, Black = 50%.} 1/2-1/2